| 000 | 01175naa a22003497a 4500 | ||
|---|---|---|---|
| 001 | BR8105366 | ||
| 003 | BR-BrBNA | ||
| 005 | 20240918174840.0 | ||
| 007 | ta | ||
| 008 | 230509b bl.||||| |||| 00| 0 por d | ||
| 040 |
_aBR-BrBNA _bpor _cBiblioteca Nacional de Agricultura |
||
| 041 | _a(Pt) | ||
| 072 |
_aF00 _b1540 _bG514 |
||
| 090 | _aF00 BR8105366 | ||
| 100 | 1 | _aFernandes, A. de P.M. | |
| 100 | 1 | _aFarias, J. | |
| 100 | 1 | _aLira, M. de A. | |
| 100 | 1 | _aBessa, J.M.G. | |
| 100 | 1 | _aSantos, D.C. dos | |
| 245 | 1 | _aEfeito da epoca de poda sobre a produtividade e qualidade da parte aerea de tres cultivares de mandioca (Manihot esculenta Crantz)[Pernambuco, Brasil] | |
| 260 | 3 |
_aRecife, PE (Brasil): _c1981. |
|
| 500 | _aAtuacao do IPA no ambito do POLONORDESTE Recife, PE (Brasil): 1981. v. 2 p. 294-297 (BR8105366-AM)F00 | ||
| 650 | _aMANDIOCA | ||
| 650 | _aVARIEDADE | ||
| 650 | _aPODA | ||
| 650 | _aMATERIA SECA | ||
| 650 | _aRENDIMENTO | ||
| 650 | _aPERNAMBUCO | ||
| 773 | 0 |
_tAtuacao do IPA no ambito do POLONORDESTE _wF00 BR8105366 _gRecife, PE (Brasil), 1981. v. 2 p. 294-297 |
|
| 909 |
_a202404 _bLucia _c55 _dLucia Elande |
||
| 942 |
_cAM _2AGRIS |
||
| 999 |
_c313996 _d313996 |
||